| 000 | 00528nam a22001817a 4500 | ||
|---|---|---|---|
| 003 | CEME | ||
| 005 | 20210628205115.0 | ||
| 008 | 210225b xxu||||| |||| 00| 0 eng d | ||
| 020 | _a0-89006-748- | ||
| 040 | _c. | ||
| 082 | _a621.38456 MEH'C | ||
| 100 |
_aMehrotra, Asha _973929 |
||
| 245 | _aCellular radio performance engineering | ||
| 260 |
_aBOSTON _bARTECH HOUSE _c1994 |
||
| 300 | _a536P | ||
| 650 |
_aCELLULAR RADIO RELIABILITY DESIGN AND CONSTRUCTION CELLULAR RADIO EQUIPMENT AND SUPPLIES _973930 |
||
| 942 |
_cBK _2ddc |
||
| 999 |
_c579541 _d579541 |
||